Music Quiz

Random Music or Song Quiz

UK Eurovision Entrants Quiz Stats

 Plays Quiz not verified by Sporcle

Also try: Duet Partners
Challenge
Share
Tweet
Embed
Score 0/53 Timer 10:00
0 Plays Today
Year Artist % Correct
1968Cliff Richard
88.8%
1973Cliff Richard
88.8%
1997Katrina and the Waves
88.5%
1981Bucks Fizz
88.2%
1969Lulu
85.3%
1976Brotherhood of Man
82%
1967Sandie Shaw
81.3%
1996Gina G
78%
2007Scooch
76.6%
2003Jemini
68.2%
1993Sonia
65.9%
2009Jade Ewen
62.1%
2006Daz Sampson
61.5%
2005Javine Hylton
61.3%
2008Andy Abraham
60%
2010Josh Dubovie
59.5%
2002Jessica Garlick
54.6%
1992Michael Ball
52.8%
1991Samantha Janus
49.2%
1974Olivia Newton-John
47.8%
1995Love City Groove
47.3%
1998Imaani
46.9%
1999Precious
43.8%
2000Nicki French
41.7%
2004James Fox
39.8%
1972The New Seekers
38.4%
1982Bardo
38.4%
Year Artist % Correct
1988Scott Fitzgerald
38%
1970Mary Hopkin
37%
1971Clodagh Rodgers
32.4%
1975The Shadows
31.4%
1990Emma
31%
1979Black Lace
30.2%
1978Co-Co
29.3%
2001Lindsay Dracass
28.8%
1994Frances Ruffelle
28%
1977Lynsey De Paul and Mike Moran
26.5%
1964Matt Monro
26.2%
1959Pearl Carr and Teddy Johnson
25.6%
1989Live Report
25.5%
1984Belle and the Devotions
25%
1961The Allisons
24.2%
1965Kathy Kirby
23.6%
1987Rikki
22.1%
1962Ronnie Carroll
20.5%
1963Ronnie Carroll
20.5%
1983Sweet Dreams
19.7%
1986Ryder
19.4%
1957Patricia Bredin
18.5%
1980Prima Donna
18.5%
1966Kenneth McKellar
16%
1960Bryan Johnson
15.8%
1985Vikki Watson
12.4%

You're not logged in!

Compare scores with friends on all Sporcle quizzes.
Join for Free
OR
Log In

You Might Also Like...

Show Comments

Extras

Top Quizzes Today


Score Distribution

Your Account Isn't Verified!

In order to create a playlist on Sporcle, you need to verify the email address you used during registration. Go to your Sporcle Settings to finish the process.

Report this User

Report this user for behavior that violates our Community Guidelines.

Details: